| 000 | 00363 a2200133 4500 | ||
|---|---|---|---|
| 003 | Nust | ||
| 005 | 20170207154251.0 | ||
| 040 | _cNust | ||
| 082 | _a799 | ||
| 245 | _a Untitle (Photo Album Volum No.2, 1997-1998-1999) | ||
| 260 |
_aRawalpindi _bMCS _c05-06-1998 |
||
| 650 | _a Untitle (Photo Album Volum No.2, 1997-1998-1999) (Soft Copy) CD-02 | ||
| 651 | _aSweet Memories-MCS | ||
| 942 | _cBK | ||
| 999 |
_c196261 _d196261 |
||